LEADER 01423nam0 22003491i 450 001 RML0276551 005 20231121125727.0 100 $a20121121d1980 ||||0itac50 ba 101 | $aita 102 $ait 181 1$6z01$ai $bxxxe 182 1$6z01$an 200 1 $aSociolinguistica$fRichard A. Hudson$g[edizione italiana a cura di Alberto Vārvaro] 210 $aBologna $cIl Mulino $d1980 215 $a308 p.$d21 cm 225 | $a˜La œNuova Scienza. - Bologna $eIl Mulino 410 0$1001RML0330899$12001 $a˜La œNuova Scienza. - Bologna $eIl Mulino 500 10$aSociolinguistics. - Bologna : Il Mulino $3RML0334980$93625936 606 $aLinguistica$2FIR$3RMLC002562$9E 606 $aLinguaggio$xSociologia$2FIR$3RMLC002563$9I 676 $a401$9Linguaggio. Filosofia e teoria$v21 700 1$aHudson$b, Richard A.$3RMLV178318$0149571 702 1$aLee$b, Charmaine$3RMLV159754 702 1$aVārvaro$b, Alberto$c $3RMLV178317 801 3$aIT$bIT-01$c20121121 850 $aIT-FR0017 899 $aBiblioteca umanistica Giorgio Aprea$bFR0017 912 $aRML0276551 950 0$aBiblioteca umanistica Giorgio Aprea$d 52CIS 5/970$e 52VM 0000465015 VM barcode:00032617. - Inventario:13195 BUVM$fA $h20040722$i20121204 977 $a 52 996 $aSociolinguistics. - Bologna : Il Mulino$93625936 997 $aUNICAS LEADER 01635nas 2200505- 450 001 9910143801503321 005 20230203213020.0 011 $a2335-8963 035 $a(OCoLC)316100488 035 $a(CKB)991042723495538 035 $a(CONSER)--2021244748 035 $a(DE-599)ZDB2604540-0 035 $a(EXLCZ)99991042723495538 100 $a20000724a19979999 --- - 101 0 $aeng 135 $aurcnu|||||||| 181 $ctxt$2rdacontent 182 $cc$2rdamedia 183 $acr$2rdacarrier 200 10$aNonlinear analysis $emodelling and control /$fInstitute of Mathematics and Informatics; Lithuanian Association of Nonlinear Analysis (LANA) 210 1$aVilnius :$cVilnius University Press,$d[1997]- 215 $a1 online resource 300 $aRefereed/Peer-reviewed 311 08$a1392-5113 517 3 $aModelling and control 517 1 $aNetiesiniai procesai 517 1 $aModeliavimas ir valydmas 531 $aNONLINEAR ANAL. MODEL. CONTROL 531 $aNONLINEAR ANAL-MODEL 531 $aMODEL 531 $aNONLINEAR ANAL.-MODEL CONTROL 531 1 $aNonlinear anal. 606 $aNonlinear theories$vPeriodicals 606 $aNonlinear theories$2fast$3(OCoLC)fst01038812 608 $aPeriodicals.$2fast 608 $aPeriodicals.$2lcgft 615 0$aNonlinear theories 615 7$aNonlinear theories. 676 $a[E] 712 02$aLietuvos Netiesini? rei?kini? analitik? asociacija, 712 02$aMatematikos ir informatikos institutas (Lithuania), 906 $aJOURNAL 912 $a9910143801503321 996 $aNonlinear analysis$982388 997 $aUNINA